000 00705nam a2200253Ia 4500
003 OSt
005 20220926010133.0
006 a|||||r|||| 00| 0
007 ta
008 220923b |||||||| |||| 00| 0 eng d
037 _cGeneral Book
040 _aRTL
_cRTL
_beng
041 _2eng
_aeng
082 _aY15.2.N7, L8
100 _aKhanna Girija
_9135756
245 0 _aIndian women today
260 _a New Delhi
_bVikas
_c1978
300 _a212p
_ccm.
500 _aBibliography: p 205-208
650 _aWoman Sociology
700 _a Verghese Mari-amma A
_9311873
942 _hY15.2.N7, L8
_cGB
_2CC
999 _c616474
_d616474